000 02872cam a22003978i 4500
999 _c16826
_d16826
001 21796465
003 OSt
005 20220407155323.0
008 201110s2021 enk b 001 0 eng
010 _a 2020047328
020 _a9780367562632
_q(hardback)
020 _a9780367562649
_q(paperback)
020 _z9781003097105
_q(ebook)
040 _aDLC
_beng
_erda
_cDLC
042 _apcc
050 0 0 _aLB1576
_b.C5616 2021
082 0 0 _a2021
_2DC 372.623
_bC547
100 1 _aClark, Fiona,
_eauthor.
_944996
245 1 2 _aA practical guide to creative writing in schools:
_bseven creative writing projects for ages 8-14 /
_cFiona Clark.
263 _a2104
264 1 _aAbingdon, Oxon;
_aNew York, NY:
_bRoutledge,
_c2021.
300 _aviii, 162 pages:
_billustration;
_c29 cm.
336 _atext
_btxt
_2rdacontent
337 _aunmediated
_bn
_2rdamedia
338 _avolume
_bnc
_2rdacarrier
500 _aIncludes appendix.
520 _a"This book contains seven tried-and-tested creative writing projects for pupils aged 8-14. Each project is delivered through a series of workshops and enables pupils to explore a literary genre or writing style, discuss themes and topics and receive constructive feedback about their writing. The projects cover topics such as identity, cultural heritage, tolerance, empathy, morality, dreams and much more. Teachers wanting to run creative writing projects will find this book easy to follow, practical and timesaving. Each project allows students to: explore a certain literary genre or writing style in detail, be creative and have fun while learning, think about, talk about and discuss themes and topics receive constructive feedback about their writing, pursue their own ideas, see themselves as 'real' writers with a 'real' audience, understand that writing can be enjoyable, artistic and relaxing, experience creativity to improve their wellbeing These ready-made projects are invaluable for teachers who are looking for new and successful creative writing projects for a range of students. They will enable teachers to immediately start making a difference to their students' confidence and writing skills, allowing them to be as creative and imaginative as possible and use creativity as a springboard for their own writing"--
_cProvided by publisher.
650 0 _aCreative writing (Elementary education)
_93124
650 0 _aCreative writing (Middle school)
_93126
650 0 _aEnglish language
_xComposition and exercises
_xStudy and teaching (Elementary)
_xActivity programs.
_944997
650 0 _aEnglish language
_xComposition and exercises
_xStudy and teaching (Middle school)
_xActivity programs.
_944998
650 0 _aProject method in teaching.
_944999
906 _a7
_bcbc
_corignew
_d1
_eecip
_f20
_gy-gencatlg
942 _2ddc
_cDC